Catálogo

Las anclas en el cielo : (Registro nro. 42303)

Detalles MARC
000 -LEADER
fixed length control field 01353cam a2200337 i 4500
001 - CONTROL NUMBER
control field 42303
003 - CONTROL NUMBER IDENTIFIER
control field Mx-PuUPA
005 - DATE AND TIME OF LATEST TRANSACTION
control field 20251124091113.0
008 - FIXED-LENGTH DATA ELEMENTS--GENERAL INFORMATION
fixed length control field 140415s2022 sp gr 001 0 spa d
017 ## - COPYRIGHT OR LEGAL DEPOSIT NUMBER
Copyright or legal deposit number M-2767-2022
020 ## - INTERNATIONAL STANDARD BOOK NUMBER
International Standard Book Number 9788413390963
040 ## - CATALOGING SOURCE
Original cataloging agency Mx-PuUPA
Language of cataloging spa
Transcribing agency Mx-PuUPA
Modifying agency Mx-PuUPA
Description conventions rda
041 1# - LANGUAGE CODE
Language code of text/sound track or separate title spa
Language code of original fre
100 1# - MAIN ENTRY--PERSONAL NAME
Personal name Brague, Rémi,
Dates associated with a name 1947-
9 (RLIN) 16967
Relator term autor
240 14 - UNIFORM TITLE
Uniform title Les ancres dans le ciel. L'infrastructure métaphysique.
Language of a work Español
245 14 - TITLE STATEMENT
Title Las anclas en el cielo :
Remainder of title la infraesturctura metafísica de la vida humana /
Statement of responsibility, etc. Rémi Brague ; traducción de José Antonio Millán Alba y Blanca Millán García
264 #1 - PRODUCTION, PUBLICATION, DISTRIBUTION, MANUFACTURE, AND COPYRIGHT NOTICE
Place of production, publication, distribution, manufacture Madrid, España :
Name of producer, publisher, distributor, manufacturer Ediciones Encuentro,
Date of production, publication, distribution, manufacture, or copyright notice 2022
300 ## - PHYSICAL DESCRIPTION
Extent 132 páginas ;
Dimensions 23 cm
336 ## - CONTENT TYPE
Fuente rdacontent
Content type term texto
Content type code txt
337 ## - MEDIA TYPE
Source rdamedia
Media type term sin medio
Media type code n
338 ## - CARRIER TYPE
Source rdacarrier
Carrier type term volumen
Carrier type code nc
490 0# - SERIES STATEMENT
Series statement Colección nuevo ensayo ;
Volume/sequential designation 101
650 #7 - SUBJECT ADDED ENTRY--TOPICAL TERM
Source of heading or term armarc
Topical term or geographic name entry element Metafísica
650 #7 - SUBJECT ADDED ENTRY--TOPICAL TERM
Source of heading or term armarc
Topical term or geographic name entry element Antropología filosófica
700 1# - ADDED ENTRY--PERSONAL NAME
Personal name Millán Alba, José Antonio,
Relator term traductor
700 1# - ADDED ENTRY--PERSONAL NAME
Personal name Millán García, Blanca,
Relator term traductor
765 0# - ORIGINAL LANGUAGE ENTRY
Main entry heading Brague, Rémi
Title Les ancres dans le ciel. L'infrastructure métaphysique
Place, publisher, and date of publication [lugar de publicación no identificado] : Éditions du Seuil, 2011
942 ## - ADDED ENTRY ELEMENTS (KOHA)
Source of classification or shelving scheme Dewey Decimal Classification
Koha item type Libro
Classification part 110
Item part B7418
Existencias
Withdrawn status Lost status Source of classification or shelving scheme Damaged status Not for loan Collection code Home library Current library Shelving location Date acquired Source of acquisition Total Checkouts Total Renewals Full call number Barcode Checked out Date last seen Date last checked out Price effective from Koha item type
    Dewey Decimal Classification     Magisterial Biblioteca Karol Wojtyla Biblioteca Karol Wojtyla Módulo de circulación 03/12/2013 Compra 1 1 110 B7418 2022 63631 17/02/2027 25/11/2025 25/11/2025 03/12/2013 Magisterial